00446nam a2200181Ia 4500003000400000005001700004008004100021020001800062040000700080041000800087082001900095100002600114245004800140250000700188260003800195300001800233365001300251OSt20230502114838.0210423s2013 xx 000 0 und d a9788126537686 cAL aeng a337223b SALD aSALVATORE (Dominick). aInternational economics: trade and finance. a10 aNew DelhibTata McGraw-hillc2013 axxxvi,812bPB b599cINR